মুজিববাদ / (Record no. 50710)
[ view plain ]
| 000 -LEADER | |
|---|---|
| fixed length control field | 00949nam a2200241 a 4500 |
| 001 - CONTROL NUMBER | |
| control field | 50710 |
| 003 - CONTROL NUMBER IDENTIFIER | |
| rucl marc code | BD-RjUL |
| 005 - DATE AND TIME OF LATEST TRANSACTION | |
| control field | 20220105121834.0 |
| 008 - FIXED-LENGTH DATA ELEMENTS--GENERAL INFORMATION | |
| fixed length control field | 160920r19871972bg ||||| |||| 00| 0 b d |
| 020 ## - INTERNATIONAL STANDARD BOOK NUMBER | |
| Terms of availability | : Tk. 200.00 |
| 035 ## - SYSTEM CONTROL NUMBER | |
| System control number | (BD-RjUL)50830 |
| 040 ## - CATALOGING SOURCE | |
| Original cataloging agency | BD-RjUL |
| Transcribing agency | BD-RjUL |
| Modifying agency | BD-RjUL |
| Language of cataloging | ben/eng |
| 041 ## - LANGUAGE CODE | |
| Language code of text/sound track or separate title | ben |
| 082 ## - DEWEY DECIMAL CLASSIFICATION NUMBER | |
| Edition number | 23 |
| Classification number | 335.5 |
| Author mark and year | ELM 1987 |
| 100 1# - MAIN ENTRY--PERSONAL NAME | |
| Personal name | ইলিয়াস, খোন্দকার মোহাম্মদ |
| 9 (RLIN) | 219666 |
| 245 10 - TITLE STATEMENT | |
| Title | মুজিববাদ / |
| Statement of responsibility, etc. | খোন্দকার মোহাম্মদ ইলিয়াস |
| 250 ## - EDITION STATEMENT | |
| Edition statement | ১ম সং. |
| 260 ## - PUBLICATION, DISTRIBUTION, ETC. (IMPRINT) | |
| Place of publication, distribution, etc. | ঢাকা : |
| Name of publisher, distributor, etc. | সাম্য প্রকাশনী, |
| Date of publication, distribution, etc. | ১৯৭২ [প্রকাশ ১৯৮৭] |
| 300 ## - PHYSICAL DESCRIPTION | |
| Pagination | ৬৮৭ পৃ. : |
| Illustrations | চিত্র ; |
| Size | ২১ সেমি. |
| 650 ## - SUBJECT ADDED ENTRY--TOPICAL TERM | |
| Topical term or geographic name as entry element | গণতান্ত্রিক সমাজতন্ত্র |
| 9 (RLIN) | 219667 |
| Topical term or geographic name as entry element | Democratic socialism |
| 9 (RLIN) | 219668 |
| 942 ## - ADDED ENTRY ELEMENTS (KOHA) | |
| Source of classification or shelving scheme | Dewey Decimal Classification |
| Koha item type | Books |
| Lost status | Source of classification or shelving scheme | Damaged status | Not for loan | Collection code | Permanent Location | Current Location | Shelving location | Date acquired | Source of acquisition | Coded location qualifier | Cost, normal purchase price | Total Checkouts | Full call number | Date last seen | Copy number | Koha item type | Date checked out |
|---|---|---|---|---|---|---|---|---|---|---|---|---|---|---|---|---|---|
| Dewey Decimal Classification | Not For Loan | Non-fiction | Central Library, University of Rajshahi | Central Library, University of Rajshahi | Reading Room | 10/12/2017 | Dhaka, Nowroze Kitabistan | 1987-10-17 | 200.00 | B 335.5 ELM 1987 | 10/12/2017 | C-1 | Books | ||||
| Dewey Decimal Classification | Non-fiction | Central Library, University of Rajshahi | Central Library, University of Rajshahi | 17/10/1987 | Dhaka, Nowroze Kitabistan | 200.00 | 1 | B 335.5 ELM 1987 | 19/10/2020 | C-2 | Books | 13/02/2020 |